000 00461nam a22001937a 4500
003 OSt
008 260220b |||||||| |||| 00| 0 eng d
020 _a9788194874195
082 _a378.954 BHJ
100 _aBHATTACHARYA,Neeladri
245 _aJNU Stories
250 _a1st Ed
260 _aNew Delhi
_bAleph Book Company
_c2020
300 _a467p
700 _aCHAKRABARTI,Kunal
700 _aGUNASEKARAN,S
700 _aNAIR,Janaki
942 _2ddc
_cREF
999 _c13841
_d13841